MDQL
is popping MORE tags! Check the
thread
!
Quizzes
Events
Quiz Creation
Community
Videos
Private Events
Remove Ads
Sign In
Join for FREE
Feedback
Dark Mode
Quiz Categories
Sports
Geography
Music
Movies
Television
Just For Fun
Miscellaneous
History
Literature
Language
Science
Gaming
Entertainment
Religion
Holiday
For Kids
Quiz Lab
Recent
Popular Today
Quiz Kudos Today
Editor Picks
Curator Picks
Quizzes by...
Day
Popularity
Type
Ratings
Length
Year
Community
Subscriptions
Recent Discussions
Orange Saloon
Badges
Playlists
Quests
Create
Leaderboards
Showdown
Live 5
Trivia Bingo
Activity
Puzzle Library
Sporcle Events
Private Events
Virtual Trivia
Globe League
Become a Host
Pub Owners
SporcleCon
Opinionation
Our Games
Videos
Blog
Mobile Apps
Partnerships
Remove Ads and Go Orange
Feedback
Sports
Athletes
MLB
NBA
NHL
NFL
Soccer
Sports Teams
WWE
NCAA
Football
Premier League
Basketball
Baseball
Hockey
Golf
Tennis
Cricket
Rugby
Auto Racing
Olympics
World Cup
Sports
Athletes
MLB
NBA
NHL
NFL
Soccer
Sports Teams
WWE
NCAA
Football
Premier League
Basketball
Baseball
Hockey
Golf
Tennis
Cricket
Rugby
Auto Racing
Olympics
World Cup
Random Quiz
Search Sporcle
×
Quiz Lab
Quiz Lab
Sports
Basketball
Type in answers that appear in a list
Type in answers that appear in a list
Classic
Best Score? Go Orange.
NBA Most Free Throws Without a Miss in a Playoff Game Stats
Can you name the NBA players who made the most free throws without a miss in a playoff game?
By
Craig_Hodges
5m
20 Questions
245 Plays
245 Plays
245 Plays
Comments
Comments
Give Quiz Kudos
Give Quiz Kudos
-
- Ratings
hide this ad
More Info
Forced Order
Answers have to be entered in order
Answers have to be entered in order
Replay
Link that replays current quiz
Next Quiz
Link to next quiz in quiz playlist
You Got
0%
They Got
Avg Score
57%
Avg Friend Score
Upgrade to see
Score Distribution
Jump to the score distribution portion of the page
Score
0/20
Timer
05:00
0
Plays Today
Team / FT Made
Player
% Correct
BOS /
21
Paul Pierce
97.6%
DAL /
24
Dirk Nowitzki
97.1%
UTA /
18
Karl Malone
92.2%
IND /
17
Reggie Miller
91.8%
DAL /
17
Dirk Nowitzki
85.3%
DET /
16
Chauncey Billups
80.4%
SAS /
15
Tim Duncan
75.5%
DET /
16
Richard Hamilton
73.5%
BOS /
15
Paul Pierce
70.6%
DET /
15
Chauncey Billups
65.7%
Team / FT Made
Player
% Correct
DET /
15
Chauncey Billups
64.9%
CLE /
16
Mark Price
59.2%
CHI /
15
Ben Gordon
54.3%
PHO /
16
Kevin Johnson
53.1%
SAC /
15
Peja Stojakovic
49.8%
PHI /
15
Hersey Hawkins
14.3%
POR /
15
Isaiah Rider
9.4%
DEN /
15
Bryant Stith
8.6%
GSW /
15
Sarunas Marciulionis
4.5%
SEA /
15
Benoit Benjamin
2.9%
Quiz Playlist
Details
Report
Send in Message
Add To Playlist
More Info:
NOTE: Only includes games from 1991 through 2011.
Classic:
Type in answers that appear in a list
Forced Order:
Answers have to be entered in order
Quiz Source
Last Updated: Feb 16, 2017
Quiz Scoreboard
CHALLENGE
Sign Up to Join the Scoreboard
Show All
Scores
Hide
Comments
May contain spoilers
Recently Published
Holiday 10x10 Sorting Gallery
by lukepisani3
Holiday
15m
Two Season TV Shows II
by 123Four
Television
10m
Image Sorting: Flags VI
by Barbecue
Geography
2m
More to Explore
Quiz From the Vault
Featured Blog Post
14 Easter Pick-up Lines to Find Eggs With
hide this ad
You Might Also Like...
Tags
Basketball Quiz
NBA Quiz
date
free
Player
Playoff
team
Throw
Today's Top Quizzes in Sports
Browse Sports
hide this ad
Today's Top Quizzes in Basketball
Browse Basketball
Top Contributed Quizzes in Sports
1
Les meilleurs buteurs des matchs entre le PSG et l’OM
2
Les entraîneurs de l'OM et du PSG au 21e siècle
3
2022 World Cup Stars
4
Players with Multiple 50 Home Run Seasons
5
Les joueurs passés par le PSG et l'OM
6
FIFA Club World Cup Champions
7
Top 10 NHL Goal Scorers of All Time
8
Criteria MLB: Left Handed Sluggers
9
Les joueurs passés par le LOSC et le RC Lens
10
2023 MLB Unique Player Accomplishments
Explore More
Trending Topics
NBA
Kpop
Harry Potter
Crossword
Anime
Marvel
Disney
NFL
Song
Puzzle
Pokémon
The Office
WWE
Country
Soccer
hide this ad
More By:
Craig_Hodges
Quiz
Plays
Rating
Category
Featured
Created
NBA Single-Game Assist Leaders 2000-2010
4,710
4.30
Sports
Mar 30, 2010
Most Assists in an NBA Game
1,650
4.08
Sports
Oct 23, 2009
NBA All-Stars A-Z
619
3.80
Sports
Dec 19, 2009
NBA Most Free Throws Without a Miss in a Playoff Game
245
3.67
Sports
May 19, 2011
Things Skee Lo Wished For
145
4.43
Music
Mar 23, 2010
Go to Creator's Profile
Score Distribution
Quiz Creator Spotlight
Craig_Hodges
Follow
Send a Message
Quizzes Created
-
Created Quiz Play Count
-
More By This Creator
Popular Quizzes Today
1
Find the US States - No Outlines Minefield
2
Colored Red Africa Blitz
3
Find the 'City' Movie
4
The Countries of the World
5
Find the US States
6
5x2 Blitz: Bands
7
Find the Countries of Europe - No Outlines Minefield
8
US States
More Sports Quizzes
Guess the F1 2018 circuit
Quiz Lab
Trending Quizzes
Colored Red Europe Blitz I
Colored Red Europe Blitz II
Colored Red Africa Blitz II
Colored Red Africa Blitz III
Colored Red Europe Blitz III
Recently Updated
Odd Team Out - Big 4 Players
pecheneg
Quick Pick: 20 Twenties
pecheneg
March Madness Men's Triple Doubles
pecheneg
How Do You Spell That?
pecheneg
Godzilla Movies
pecheneg
Grab Bag: 4-10 Letters
pecheneg
2024 March Madness Bracket
pecheneg
Famous TV Couples
Peacemaker
Champions League XIs: Real Madrid
pecheneg
Largest US Cities 1790-2010
pecheneg
Trending Topics
NBA
Marvel
Anime
Harry Potter
Crossword
Kpop
Disney
NFL
Country
Soccer
Song
WWE
Pokémon
The Office
Puzzle
Your Account Isn't Verified!
In order to create a playlist on Sporcle, you need to verify the email address you used during registration. Go to your
Sporcle Settings
to finish the process.
Report this User
Report this user for behavior that violates our
Community Guidelines
.
Details:
Send Report
Go to the Sporcle.com Mobile Site →
Comments